000 00495nam a2200169Ia 4500
008 230714s9999 xx 000 0 und d
020 _a9790000000000
041 _aeng
082 _a621.402
_bKHU
100 _aKhurmi R.S.
_9141538
245 _aTextbook Of Thermal Engineering
_b(S.I. Units)
260 _c2019
_bS. Chand & Company Ltd.
300 _a895
365 _cRs.
_b750.00
700 _aKhurmi R.S. & Gupta J.K.
_9184777
906 _dO:0713804-Mar-2020B:13003-Mar-2020
_cSM
_b562.5
999 _c227183
_d227183